| 000 | 00484nam a2200193Ia 4500 | ||
|---|---|---|---|
| 005 | 20240913125739.0 | ||
| 008 | 240913s9999||||xx |||||||||||||| ||und|| | ||
| 020 | _a978-81-8038-739-5 | ||
| 041 | _aENGLISH | ||
| 082 | _A343.7309944 Q2 | ||
| 100 | _aAparna Viswanathan | ||
| 245 | 0 | _aCyber Law | |
| 250 | _a1st | ||
| 260 |
_c2012 _bLexis Nexis Butterworths Wadhwa , N |
||
| 500 | _aREFERENCE | ||
| 650 |
_aCyber Laws _bInformation Technology |
||
| 942 | _cREF | ||
| 999 |
_c246184 _d246184 |
||